Name all Gracie Abrams one word songs? - Statistics

General Stats
  • This quiz has been taken 303 times
    272 since last reset
  • The average score is 16 of 21
Answer Stats
Hint Answer % Correct
minor minor
97%
minor Friend
90%
Good Riddance Best
87%
The Secret Of Us us.
87%
The Secret Of Us Risk
85%
This is What It Feels Like Camden
84%
This is What It Feels Like Rockland
82%
minor tehe
82%
The Secret Of Us Cool
81%
This is What It Feels Like Better
76%
Good Riddance Amelie
75%
This is What It Feels Like Augusta
75%
Singles/Other Stay
71%
Good Riddance Difficult
69%
This is What It Feels Like Painkillers
69%
Good Riddance Unsteady
67%
This is What It Feels Like Alright
65%
This is What It Feels Like Older
65%
Singles/Other Unlearn
64%
Singles/Other Cedar
62%
Singles/Other Abby
32%
No matching quizzes found
Score Distribution
Percent of People with Each Score
Percentile by Number Answered
Your Score History
You have not taken this quiz since the last reset